000 00702nam a2200289Ia 4500
005 20260324124915.0
008 008 260324s9999 xx 000 0 eng d
020 _a9780203876343
037 _aEBOOK
040 _aCRL
040 _beng
040 _cCRL
041 _2eng
041 _aeng
084 _qCRL
100 _aBill K.P. Chou
_91175959
245 0 _aGovernment and Policy-Making Reform in China
245 4 _bThe Implications of Governing Capacity
260 _bTaylor and Francis
260 _c2009
365 _a
365 _b240
856 _uhttp://www.taylorfrancis.com/books/9780203876343
942 _cEBOOK
999 _c1770754
_d1770754